Jeux de société et géographie - Statistiques

Statistiques générales
  • Ce quiz a été pris 88 fois
  • Le résultat moyen est 9 sur 20
Réponses sur la Carte
Les réponses sont colorées sur une échelle allant du rouge au vert en fonction du pourcentage des utilisateurs qui les ont devinées à leur premier essai. Vous pouvez retrouver ces pourcentages ci-dessous.
 
Statistiques - réponses
Type de lieu Nom du jeu % Correct
Ville Kids of {London}*
86%
Ville King of {Tokyo}
86%
Pays/ Île Mafia de {Cuba}
85%
Cours d'eau/ Mer Pillards de la {Mer du Nord}
69%
Ville {Vienna} Connection*
68%
Ville {Carcassonne}
65%
Ville Exposition Universelle : {Chicago} 1893
60%
Ville {Marrakech}
60%
Pays/ Île {Jamaïca}*
55%
Cours d'eau/ Mer {Mississippi} Queen
53%
Ville {Catane}
46%
Pays/ Île {Puerto Rico}*
37%
Ensemble fortifié {Alhambra}
26%
Ville antique {Delphes}
22%
Ville {Maracaibo}
22%
Pays/ Île {Santorini}*
19%
Ville {Jaipur}
18%
Cours d'eau/ Mer {Niagara}
17%
Ville antique {Corinth}*
13%
Ville antique {Tikal}
5%
Aucun quiz correspondant
Distribution des résultats
% des personnes avec chaque résultat
Percentile par nombre de réponses
Votre historique - résultats
Vous n’avez pas pris ce quiz